Heat and mass transfer (Record no. 18376)

MARC details
000 -LEADER
fixed length control field 00667nam a2200229Ia 4500
003 - CONTROL NUMBER IDENTIFIER
control field IN-BaIIA
008 - FIXED-LENGTH DATA ELEMENTS--GENERAL INFORMATION
fixed length control field 211028s9999 xx 000 0 eng d
020 ## - INTERNATIONAL STANDARD BOOK NUMBER
International Standard Book Number 978-0-07-107786-6
040 ## - CATALOGING SOURCE
Transcribing agency IIA Library
080 ## - UNIVERSAL DECIMAL CLASSIFICATION NUMBER
Universal Decimal Classification number 536.24
Item number CEN
100 ## - MAIN ENTRY--PERSONAL NAME
Personal name Cengel, Yunus A
9 (RLIN) 35221
245 #0 - TITLE STATEMENT
Title Heat and mass transfer
Remainder of title fundamentals and applications
Statement of responsibility, etc. Yunus A. Cengel and Afshin J. Ghajar
250 ## - EDITION STATEMENT
Edition statement 4th ed.
260 ## - PUBLICATION, DISTRIBUTION, ETC.
Place of publication, distribution, etc. New Delhi
Name of publisher, distributor, etc. Tata McGraw-Hill
Date of publication, distribution, etc. 2012
300 ## - PHYSICAL DESCRIPTION
Extent xxi, 902p.
650 ## - SUBJECT ADDED ENTRY--TOPICAL TERM
Topical term or geographic name entry element Conduction
9 (RLIN) 35222
650 ## - SUBJECT ADDED ENTRY--TOPICAL TERM
Topical term or geographic name entry element Convection
9 (RLIN) 21799
650 ## - SUBJECT ADDED ENTRY--TOPICAL TERM
Topical term or geographic name entry element Heat transfer
9 (RLIN) 7229
650 ## - SUBJECT ADDED ENTRY--TOPICAL TERM
Topical term or geographic name entry element Mass transfer
9 (RLIN) 5001
700 ## - ADDED ENTRY--PERSONAL NAME
Personal name Ghajar, Afshin J.
9 (RLIN) 35223
942 ## - ADDED ENTRY ELEMENTS (KOHA)
Koha item type Books
Holdings
Withdrawn status Lost status Damaged status Not for loan Home library Current library Shelving location Date acquired Source of acquisition Cost, normal purchase price Total Checkouts Full call number Barcode Date last seen Cost, replacement price Price effective from Koha item type Purchase Price
        IIA Library-Bangalore IIA Library-Bangalore General Stacks 25/09/2012 ANJ 550.00   536.24/ CEN 19298 05/11/2021 550.00 25/09/2012 Books Rs. 550.00

Powered by Koha